| 000 | 00430nam a22001697a 4500 | ||
|---|---|---|---|
| 003 | CEME | ||
| 005 | 20210628210422.0 | ||
| 008 | 210208b xxu||||| |||| 00| 0 eng d | ||
| 040 | _c. | ||
| 082 | _a297.7 MUH | ||
| 100 |
_aMuhammad Hanif Abdul Majeed _979318 |
||
| 245 | _aMisaali maan | ||
| 260 |
_aKARACHI _bBAIT-UL-ALIM TRUST _c1999 |
||
| 300 | _a335P | ||
| 650 |
_aISLAM-MISAALI MAAN ISLAM-MOTHER _979319 |
||
| 942 |
_cBK _2ddc |
||
| 999 |
_c584365 _d584365 |
||